Statistics for 2012-13 UEFA Champions League Results

Click here to take the quiz!

General Stats

  • This quiz has been taken 528 times
  • The average score is 24 of 32

Answers on the Map

Answers color-coded by a green-red scale on the quiz's map according to % correct below.
 

Answer Stats

Club% Correct
๐Ÿ‡ฉ๐Ÿ‡ชBayern Munich
99%
๐Ÿ‡ช๐Ÿ‡ธReal Madrid
99%
๐Ÿ‡ช๐Ÿ‡ธBarcelona
98%
๐Ÿ‡ฉ๐Ÿ‡ชBorussia Dortmund
97%
๐Ÿด๓ ง๓ ข๓ ฅ๓ ฎ๓ ง๓ ฟChelsea
94%
๐Ÿด๓ ง๓ ข๓ ฅ๓ ฎ๓ ง๓ ฟManchester United
94%
๐Ÿ‡ฎ๐Ÿ‡นJuventus
92%
๐Ÿด๓ ง๓ ข๓ ฅ๓ ฎ๓ ง๓ ฟManchester City
92%
๐Ÿ‡ซ๐Ÿ‡ทParis Saint-Germain
92%
๐Ÿด๓ ง๓ ข๓ ฅ๓ ฎ๓ ง๓ ฟArsenal
91%
๐Ÿ‡ฎ๐Ÿ‡นAC Milan
90%
๐Ÿ‡ณ๐Ÿ‡ฑAjax
89%
๐Ÿ‡ต๐Ÿ‡นBenfica
87%
๐Ÿ‡ต๐Ÿ‡นPorto
86%
๐Ÿ‡ช๐Ÿ‡ธValencia
78%
๐Ÿด๓ ง๓ ข๓ ณ๓ ฃ๓ ด๓ ฟCeltic
72%
๐Ÿ‡บ๐Ÿ‡ฆShakhtar Donetsk
72%
๐Ÿ‡ท๐Ÿ‡บZenit Saint Petersburg
72%
๐Ÿ‡น๐Ÿ‡ทGalatasaray
71%
๐Ÿ‡ฉ๐Ÿ‡ชSchalke 04
71%
๐Ÿ‡ง๐Ÿ‡ชAnderlecht
69%
๐Ÿ‡ซ๐Ÿ‡ทLille
69%
๐Ÿ‡ญ๐Ÿ‡ทDinamo Zagreb
68%
๐Ÿ‡บ๐Ÿ‡ฆDynamo Kyiv
68%
๐Ÿ‡ฌ๐Ÿ‡ทOlympiacos
67%
๐Ÿ‡ท๐Ÿ‡บSpartak Moscow
65%
๐Ÿ‡ช๐Ÿ‡ธMรกlaga
63%
๐Ÿ‡ต๐Ÿ‡นBraga
59%
๐Ÿ‡ง๐Ÿ‡พBATE Borisov
52%
๐Ÿ‡ซ๐Ÿ‡ทMontpellier
45%
๐Ÿ‡ท๐Ÿ‡ดCFR Cluj
43%
๐Ÿ‡ฉ๐Ÿ‡ฐNordsjรฆlland
27%

Score Distribution

Percentile by Number Answered

Percent of People with Each Score

Your Score History

You have not taken this quiz